Estadísticas para Geografía por Letra - M

Haz click aquí para intentar la prueba.

Estadísticas generales

  • Esta prueba ha sido intentada 2.615 veces
  • La puntuación promedio es 15 de 24

Estadísticas de respuestas

PistaRespuesta% Correcto
Vecino de los Estados UnidosMéxico
99%
Dialecto chino más popularMandarín
96%
Tercera ciudad más grande de InglaterraMánchester
91%
País de CasablancaMarruecos
86%
Capital de BielorrusiaMinsk
86%
Nación isleña mediterráneaMalta
84%
La patria de Gengis KanMongolia
82%
La isla más grande del Océano ÍndicoMadagascar
79%
Vecino de IdahoMontana
69%
Ciudad importante en AustraliaMelbourne
67%
Su capital es NuakchotMauritania
65%
Ciudad más grande de QuebecMontreal
62%
Zona antigua que rodea los ríos Tigris y ÉufratesMesopotamia
61%
Temporada de lluvias tropicalesMonzón
57%
Pueblos indígenas de Nueva ZelandaMaori
56%
Estado de EE. UU. en la bahía de ChesapeakeMaryland
46%
Río importante en IndochinaMekong
41%
“Las Vegas de Asia”Macao
38%
Capital de las Islas MarshallMajuro
35%
Ciudad importante en TennesseeMemphis
35%
Grupo étnico húngaro primarioMagiar
33%
La parte noreste de ChinaManchuria
33%
Desierto en el sureste de CaliforniaMojave
27%
Winnipeg es su capitalManitoba
26%

Distribución de puntuación

Porcentaje por número respondido

Porcentaje de gente con cada puntuación

Historial de tus puntuaciones

No has intentado esta prueba.